Security Extension of Automotive Communication Protocols Using Ethernet / IP

Guardado en:
Detalles Bibliográficos
Autor principal: Laštinec, Ján (Autor)
Otros Autores: Hudec, Ladislav (Orientador)
Formato: Manuscrito Libro
Lenguaje:eslovaco
inglés
Publicado: 2017
Materias:
Acceso en línea:http://is.stuba.sk/zp/portal_zp.pl?podrobnosti=111995
Etiquetas: Agregar Etiqueta
Sin Etiquetas, Sea el primero en etiquetar este registro!

MARC

LEADER 00000ntm a22000003a 4500
001 stuzp42727
003 SK-STU
005 20180423111413.5
007 ta
008 150427s2015----xo-----f-mn---000-0-slo-d
040 |a STU  |b slo 
041 0 |a eng 
100 1 |a Laštinec, Ján  |u 070400  |k Z3  |4 aut  |U FIIT Fakulta informatiky a informačných technológií  |T FIIT Ústav počítačového inžinierstva a aplikovanej informatiky  |X 56214  |U I400  |Y 672  |7 A000056214 
242 0 1 |a Bezpečnostné rozšírenie automobilových komunikačných protokolov použitím Ethernet / IP  |y slo 
245 1 0 |a Security Extension of Automotive Communication Protocols Using Ethernet / IP 
260 |c 2017 
300 |a 148 s. 
650 4 |a Controller Area Network 
650 4 |a automobilové vnorené systémy  |2 slo 
650 4 |a automobilový Ethernet  |2 slo 
650 4 |a bezpečnosť  |2 slo 
650 4 |a TCP/IP  |2 slo 
650 4 |a Security  |2 eng 
650 4 |a Automotive Ethernet  |2 eng 
650 4 |a TCP/IP  |2 eng 
650 4 |a Controller Area Network  |2 eng 
650 4 |a Automotive Embedded Systems  |2 eng 
700 1 |a Hudec, Ladislav  |u 070400  |k Z1  |4 ths  |U FIIT Fakulta informatiky a informačných technológií  |T FIIT Ústav počítačového inžinierstva a aplikovanej informatiky  |X 2081  |U I400  |Y 672  |7 2081 
856 4 |u http://is.stuba.sk/zp/portal_zp.pl?podrobnosti=111995 
996 |b 11082  |c I* DIZ2/16  |l II680  |s P  |a 0  |w stuzp42727_0001